01845 a2200169 45000010006000000050017000060080041000230030015000640400040000790800035001192450034001542640040001883000019002285051399002470410008016461000021016545800220260407155840.0260407a1972 arg spa dAR-UNSa-BCEJYS aAR-UNSa-BCEJYSbspacAR-UNSa-BCEJYS a912(084.4)xAtlas geográfico10aAtlas del potencial argentino 1aBuenos Aires :bAngel Estradac1972 a159 p.c33 cm. a1. Argentina en el mundo – 2. Espacio argentino – 3. Centros de población – 4. Distribución de la población – 5. División política – 6. Alturas y profundidades – 7. Vientos y corrientes marinas que influyen en el clima – 8. Paisajes característicos – 9. Distribución anual de lluvias – 10. Cuencas hidrográficas y presas de ensamble – 11. Vegetación natural – 12. Regiones de desarrollo CONADE – 13. Minerales energéticos – 14. Transporte de combustibles e industrias derivadas – 15. Sistemas eléctricos – 16. Ferrocarriles – 17. Caminos – 18. Vías navegables y puertos – 19. Transporte aéreo. Aeropuertos – 20. Red interurbana de comunicaciones. Sistemas de microondas – 21. Servicios de INTA – 22. Cultivos de cereales – 23. Cultivos industriales – 24. Fruticultura, horticultura y floricultura – 25. Cultivo de forrajeras. Zonas de cría y engorde bovino – 26. Ganado bovino. Principales razas – 27. Ganado bovino lechero e industria latea. Ganado porcino – 28. Ganado ovino, caprino y equino – 29. Explotación pesquera y zonas de granjas – 30. Explotación forestal y reforestación – 31. Minerales metalíferos e industrias derivadas – 32. Minerales no metalíferos y rocas de aplicación – 33. Los grandes valles patagónicos – 34. El litoral rioplatense – 35. Conglomerado bonaerense  aspa1 aQuargnolo, Jorge